Statistics for 25 Most Densely Populated Cities in the US

Click here to take the quiz!

General Stats

  • This quiz has been taken 23 times
  • The average score is 14 of 25

Answer Stats

RankStateAnswerPer Sq Mi% Correct
1New YorkNew York City28,317
95%
2CaliforniaSan Francisco18,569
95%
7MassachusettsBoston13,938
95%
8FloridaMiami12,599
86%
3New JerseyJersey City17,848
82%
12IllinoisChicago11,900
77%
17District of ColumbiaWashington11,148
77%
14PennsylvaniaPhiladelphia11,683
77%
13New JerseyNewark11,691
77%
22Rhode IslandProvidence9,740
73%
24CaliforniaLong Beach9,347
59%
9CaliforniaSanta Ana12,333
55%
4New JerseyPaterson17,500
55%
21VirginiaAlexandria10,387
55%
5MassachusettsCambridge17,289
50%
16New YorkYonkers11,156
45%
18FloridaHialeah10,995
45%
20New JerseyElizabeth10,459
45%
6CaliforniaDaly City14,009
41%
15CaliforniaBerkeley11,547
41%
10CaliforniaInglewood12,160
23%
19CaliforniaNorwalk10,946
18%
11CaliforniaEl Monte12,063
14%
23CaliforniaGarden Grove9,714
14%
25CaliforniaDowney9,134
14%

Score Distribution

Percentile by Number Answered

Percent of People with Each Score

Your Score History

You have not taken this quiz